000 01644nam a22002057a 4500
003 IT-MiCISF
005 20251212154158.0
008 251212b |||||||| |||| 00| 0 eng d
020 _a9788891675477
040 _cIT-MiCISF
100 _aBoccaletti Licia
_962892
245 _aGiovani caregiver.
_bSostenere gli adolescenti con responsabilità di cura familiare
260 _aSanta'Arcangelo di Romagna (RN),
_bMaggioli,
_c2025
300 _app. 119
500 _afamiglia, cura, malato-in-famiglia, figli-adolescenti, salute, servizi
520 _aA prendersi cura in ambito familiare non sono sempre e solo gli adulti: molto più spesso di quanto si creda, bambini e adolescenti sono coinvolti nell’assistenza a un proprio caro fragile o non autosufficiente. Secondo gli studi più recenti, l’8% di tutti i bambini e gli adolescenti europei presta cure, assistenza o sostegno a un familiare o un amico con una malattia cronica, una disabilità, una fragilità o una dipendenza, assumendosi livelli di responsabilità che di solito si associano a un adulto. Cosa significa essere caregiver in adolescenza? Che sfida comporta? Che ruolo possono svolgere i professionisti che incontrano questi ragazzi per sostenerli ed accompagnarli in questo percorso e limitarne gli impatti negativi? Questo volume, che sintetizza le migliori pratiche nazionali ed internazionali, si rivolge ad assistenti sociali, educatori, psicologi, insegnanti, ma anche a genitori e volontari che vogliano capire come riconoscere e supportare gli adolescenti con responsabilità di cura.
650 _aFamiglia
654 _asaggio
942 _2ddc
_cBK
999 _c360689
_d360689